000 00761nam a22002057a 4500
999 _c16490
_d16490
003 AR-CdUCM
008 190503b ||||| |||| 00| 0 spa d
040 _aMUNICIPALIDAD PROVINCIAL DEL CUSCO
_cBIBLIOTECA MUNICIPAL DEL CUSCO
082 _a980 /
_bB43
100 _aBeyhaut, Gustavo
_935961
245 _aRaíces contemporáneas de América Latina /
260 _aBuenos Aires :
_bEudeba,
_c1964.
300 _a168 páginas ;
_c19 cm.
505 _aEnsayos sobre la historia del siglo XX --Aspectos de la falta de mano de obra en América de sur durante la segunda mitad del siglo XX...
650 _aAmerica Latina.
_94336
650 _aHistoria de América.
_91537
650 _aDesarrollo América Latina.
_935962
942 _2ddc
_cLIBROS
945 _awfj